|
|
|
|
| LEADER |
00919nam a2200241 a 4500 |
| 001 |
3225833 |
| 008 |
090614s1980 nyu 001 0 eng d |
| 010 |
|
|
|a 79006766
|
| 020 |
|
|
|a 0029344603
|
| 040 |
|
|
|a DLC
|c DLC
|d DLC
|
| 082 |
0 |
0 |
|a 153.8/3
|2 19
|
| 100 |
1 |
|
|a Wheeler, Daniel D.
|
| 245 |
1 |
2 |
|a A practical guide for making decisions /
|c Daniel D. Wheeler, Irving L. Janis.
|
| 260 |
|
|
|a New York :
|b Free Press,
|c c1980.
|
| 300 |
|
|
|a xi, 276 p. ;
|c 25 cm.
|
| 504 |
|
|
|a Includes index.
|
| 541 |
1 |
|
|e 00001621
|
| 650 |
|
0 |
|a Decision making.
|
| 650 |
|
0 |
|a Success.
|
| 700 |
1 |
|
|a Janis, Irving L.
|q (Irving Lester),
|d 1918-1990,
|e joint author.
|
| 852 |
4 |
|
|a Ayesha Abed Library
|j General Shelf.
|
| 999 |
|
|
|c 1650
|d 1650
|
| 952 |
|
|
|0 0
|1 0
|2 ddc
|4 0
|6 153_830000000000000_WHE
|7 0
|9 1515
|a BRACUL
|b BRACUL
|c GEN
|d 2009-06-28
|g 0.00
|l 4
|m 41
|o 153.83 WHE
|p 3010001621
|r 2019-11-24
|s 2019-08-20
|t 1
|w 2009-06-28
|y BK
|x No price found in the accession register.
|